[Event "Suwalki op"]
[Site "Suwalki"]
[Date "2009.12.27"]
[Round "2"]
[White "Barglowski, Filip"]
[Black "Ryszkiewicz, Anna"]
[Result "1-0"]
[WhiteElo "2329"]
[BlackElo "1749"]
[PlyCount "41"]
[EventDate "2009.12.27"]
[EventType "swiss"]
[EventRounds "9"]
[EventCountry "POL"]
[SourceTitle "CBM 134 Extra"]
[Source "ChessBase"]
[SourceDate "2010.03.03"]
[SourceVersion "1"]
[SourceVersionDate "2010.03.03"]
[SourceQuality "1"]

1. e4 e5 2. Nf3 Nc6 3. Bc4 Nf6 4. Ng5 d5 5. exd5 Nd4 6. c3 b5 7. Bf1 Nxd5 8. Ne4 Bf5 9. cxd4 Bxe4 10. Bxb5+ Ke7 11. Qe2 f5 12. d3 Bxg2 13. Rg1 Qd6 14. Rxg2 Qb4+ 15. Nc3 Qxd4 16. Bg5+ Kd6 17. Rc1 Qb4 18. Bc4 c6 19. a3 Qa5 20. b4 Qxa3 21. Bxd5 1-0

[Event "POL-chT U19 1st League"]
[Site "Chotowa"]
[Date "2009.07.??"]
[Round "7"]
[White "Ostrowska, Dominika"]
[Black "Ryszkiewicz, Anna"]
[Result "1-0"]
[WhiteElo "1914"]
[BlackElo "1750"]
[PlyCount "129"]
[EventDate "2009.07.06"]
[EventType "team-tourn"]
[EventRounds "9"]
[EventCountry "POL"]
[SourceTitle "EXT 2012"]
[Source "ChessBase"]
[SourceDate "2011.11.24"]
[SourceVersion "1"]
[SourceVersionDate "2011.11.24"]
[SourceQuality "1"]
[WhiteTeam "Suwalki Hancza U19"]
[BlackTeam "Suwalki UMKS Jacwiez U19"]
[WhiteTeamCountry "POL"]
[BlackTeamCountry "POL"]

1. e4 e5 2. Nf3 Nc6 3. Bb5 a6 4. Ba4 Nf6 5. 0-0 b5 6. Bb3 Be7 7. a4 Rb8 8. Re1 d6 9. c3 0-0 10. h3 Na5 11. Bc2 c5 12. d4 Nc6 13. Be3 Qc7 14. Nbd2 Ne8 15. axb5 axb5 16. Nb3 c4 17. Nc1 b4 18. Ne2 b3 19. Bb1 Nd8 20. Ng3 g6 21. Qe2 Bd7 22. Nd2 Bb5 23. d5 Ng7 24. Ra7 Rb7 25. Rxb7 Nxb7 26. Nxb3 Rb8 27. f4 Bh4 28. Kh2 cxb3 29. Qxb5 Nc5 30. Qf1 Nh5 31. Nxh5 Bxe1 32. Nf6+ Kg7 33. Qxe1 Kxf6 34. fxe5+ Kg7 35. Qh4 Kg8 36. Qf6 Qd8 37. Qxd6 Qxd6 38. exd6 Na4 39. e5 Nxb2 40. Bg5 Na4 41. d7 Nxc3 42. Bd3 Nxd5 43. d8Q+ Rxd8 44. Bxd8 Nb4 45. Be4 b2 46. Ba5 Nd5 47. Kg3 Kf8 48. Kf2 Ke7 49. Ke2 Nf4+ 50. Kf3 Nd5 51. Bb1 Ke6 52. Ke4 f5+ 53. exf6 Nxf6+ 54. Kd4 Nh5 55. Bc7 Nf6 56. Bh2 Ke7 57. Kc3 Nd5+ 58. Kxb2 Ne3 59. Be4 Kf6 60. Bf4 Nxg2 61. Bxg2 g5 62. Bg3 h5 63. Kc3 Kf5 64. Kd3 h4 65. Be4+ 1-0

[Event "POL-chT U19 1st League"]
[Site "Chotowa"]
[Date "2009.07.??"]
[Round "2"]
[White "Zmarzly, Aleksandra"]
[Black "Ryszkiewicz, Anna"]
[Result "1-0"]
[WhiteElo "1957"]
[BlackElo "1750"]
[PlyCount "41"]
[EventDate "2009.07.06"]
[EventType "team-tourn"]
[EventRounds "9"]
[EventCountry "POL"]
[SourceTitle "EXT 2012"]
[Source "ChessBase"]
[SourceDate "2011.11.24"]
[SourceVersion "1"]
[SourceVersionDate "2011.11.24"]
[SourceQuality "1"]
[WhiteTeam "Legnica Miedz U19"]
[BlackTeam "Suwalki UMKS Jacwiez U19"]
[WhiteTeamCountry "POL"]
[BlackTeamCountry "POL"]

1. e4 d5 2. exd5 Qxd5 3. Nc3 Qd6 4. d4 Nf6 5. Nge2 a6 6. g3 Nc6 7. Bg2 Bf5 8. 0-0 0-0-0 9. Be3 Ng4 10. a3 h5 11. Nd5 Nxe3 12. fxe3 e6 13. c4 h4 14. c5 Qd7 15. Nb4 Nxb4 16. axb4 Bg4 17. c6 bxc6 18. Qd3 Bxe2 19. Qxe2 Qd6 20. Rxf7 c5 21. Rxa6 1-0

[Event "Rewal op-B 13th"]
[Site "Rewal"]
[Date "2008.08.28"]
[Round "9"]
[White "Piotrowski, Arkadiusz"]
[Black "Ryszkiewicz, Anna"]
[Result "1/2-1/2"]
[WhiteElo "1955"]
[BlackElo "1719"]
[PlyCount "110"]
[EventDate "2008.08.19"]
[EventType "swiss"]
[EventRounds "9"]
[EventCountry "POL"]
[SourceTitle "CBM 126 Extra"]
[Source "ChessBase"]
[SourceDate "2008.11.05"]
[SourceVersion "1"]
[SourceVersionDate "2008.11.05"]
[SourceQuality "1"]

1. e4 d6 2. d4 Nf6 3. Nc3 g6 4. Be2 Bg7 5. Bg5 0-0 6. h4 c6 7. h5 Re8 8. hxg6 hxg6 9. Qd2 b5 10. a3 a5 11. Qf4 e5 12. dxe5 dxe5 13. Qh4 Nbd7 14. Bh6 Bh8 15. Bg5 Bg7 16. Nf3 Qe7 17. Bh6 Nh5 18. Bg5 Nhf6 19. g4 Nf8 20. Bxb5 Qe6 21. Ba4 N8h7 22. Bb3 Qxg4 23. Bxf6 Nxf6 24. Ng5 Ra7 25. Qxg4 Bxg4 26. f3 Bh5 27. Ke2 Kf8 28. Rad1 Bh6 29. Rhg1 Bxg5 30. Rxg5 Nd7 31. Ba4 Re6 32. Bb3 Rf6 33. Rg3 Ke7 34. Ke3 Nb6 35. Ba2 a4 36. Rd2 Rd6 37. Rxd6 Kxd6 38. f4 exf4+ 39. Kxf4 f6 40. Rd3+ Ke7 41. e5 g5+ 42. Kf5 Ra5 43. Re3 Rxe5+ 44. Rxe5+ fxe5 45. Kxe5 Bg6 46. Ne4 Nd7+ 47. Kd4 g4 48. c3 Nf6 49. Nxf6 Kxf6 50. Ke3 Ke5 51. Bc4 Bc2 52. Be2 Kf5 53. Ba6 Bb3 54. Bb7 c5 55. Bc6 c4 1/2-1/2

[Event "Rewal op-B 13th"]
[Site "Rewal"]
[Date "2008.08.27"]
[Round "8"]
[White "Kuciapa, Andre"]
[Black "Ryszkiewicz, Anna"]
[Result "0-1"]
[WhiteElo "1887"]
[BlackElo "1719"]
[PlyCount "104"]
[EventDate "2008.08.19"]
[EventType "swiss"]
[EventRounds "9"]
[EventCountry "POL"]
[SourceTitle "CBM 126 Extra"]
[Source "ChessBase"]
[SourceDate "2008.11.05"]
[SourceVersion "1"]
[SourceVersionDate "2008.11.05"]
[SourceQuality "1"]

1. e4 d6 2. d4 Nf6 3. Nc3 g6 4. Nf3 Bg7 5. Be2 0-0 6. 0-0 Nc6 7. h3 a6 8. Be3 e5 9. Qd2 Re8 10. Rad1 exd4 11. Nxd4 Nxd4 12. Bxd4 Nxe4 13. Nxe4 Rxe4 14. Bxg7 Kxg7 15. Bf3 Re8 16. c4 Qf6 17. b3 Rb8 18. Qd4 b6 19. Qxf6+ Kxf6 20. Rd4 Bb7 21. Bxb7 Rxb7 22. Rfd1 Re2 23. R1d2 Rxd2 24. Rxd2 b5 25. Rd4 h5 26. Rf4+ Ke6 27. f3 f5 28. Rd4 c5 29. Rd2 bxc4 30. bxc4 Rb1+ 31. Kf2 Rc1 32. Re2+ Kd7 33. g4 hxg4 34. hxg4 Rxc4 35. gxf5 gxf5 36. Ke3 Kc6 37. Kd3 Ra4 38. Rc2 Ra3+ 39. Ke2 d5 40. f4 d4 41. Rd2 Kd5 42. Kd1 Rf3 43. a4 Rxf4 44. a5 Rf1+ 45. Ke2 Ra1 46. Kd3 c4+ 47. Ke2 Rxa5 48. Rb2 c3 49. Rb8 Ra2+ 50. Kd1 d3 51. Rd8+ Ke4 52. Re8+ Kf3 0-1

[Event "Rewal op-B 13th"]
[Site "Rewal"]
[Date "2008.08.21"]
[Round "3"]
[White "Giemza, Joanna"]
[Black "Ryszkiewicz, Anna"]
[Result "1-0"]
[WhiteElo "2024"]
[BlackElo "1719"]
[PlyCount "73"]
[EventDate "2008.08.19"]
[EventType "swiss"]
[EventRounds "9"]
[EventCountry "POL"]
[SourceTitle "CBM 126 Extra"]
[Source "ChessBase"]
[SourceDate "2008.11.05"]
[SourceVersion "1"]
[SourceVersionDate "2008.11.05"]
[SourceQuality "1"]

1. e4 d6 2. d4 Nf6 3. Nc3 g6 4. f3 Bg7 5. Be3 0-0 6. Qd2 Re8 7. 0-0-0 c6 8. Bh6 Bh8 9. h4 Qa5 10. Kb1 b5 11. g4 b4 12. Nce2 Be6 13. Nc1 c5 14. d5 Bxg4 15. Re1 Bh5 16. f4 Ng4 17. f5 Nxh6 18. Nb3 Qb6 19. Qxh6 Bg7 20. Qg5 Nd7 21. Be2 Bxe2 22. Rxe2 h5 23. fxg6 fxg6 24. Qxg6 Rf8 25. Rg2 Rf7 26. Ne2 Ne5 27. Qxh5 Nf3 28. Ng3 c4 29. Nf5 Rxf5 30. Qxf5 cxb3 31. Rxg7+ Kxg7 32. Qxf3 bxc2+ 33. Kxc2 Rc8+ 34. Kb1 Qc5 35. Qg2+ Kh7 36. Rg1 Qd4 37. Qg4 1-0

[Event "Rowy op-A 17th"]
[Site "Rowy"]
[Date "2008.06.19"]
[Round "6.19"]
[White "Wilczewski, Piotr"]
[Black "Ryszkiewicz, Anna"]
[Result "1-0"]
[WhiteElo "1959"]
[BlackElo "1735"]
[PlyCount "88"]
[EventDate "2008.06.14"]
[EventType "swiss"]
[EventRounds "9"]
[EventCountry "POL"]
[SourceTitle "EXT 2023"]
[Source "ChessBase"]
[SourceDate "2022.10.05"]
[SourceVersion "1"]
[SourceVersionDate "2022.10.05"]
[SourceQuality "1"]

1. e4 e5 2. Nf3 Nc6 3. Bb5 a6 4. Bxc6 dxc6 5. d4 exd4 6. Qxd4 Qxd4 7. Nxd4 c5 8. Ne2 b6 9. Be3 Bb7 10. f3 0-0-0 11. Nd2 g6 12. 0-0-0 Bg7 13. Nc4 Ne7 14. c3 a5 15. a4 Ba6 16. b3 Bxc4 17. bxc4 f5 18. Rxd8+ Rxd8 19. Bg5 Re8 20. Bxe7 Rxe7 21. Ng3 fxe4 22. Nxe4 g5 23. h3 h6 24. Rd1 Rd7 25. Rd5 c6 26. Rxd7 Kxd7 27. Kd2 Ke6 28. Ke3 Bf8 29. g3 Be7 30. f4 gxf4+ 31. Kxf4 b5 32. cxb5 cxb5 33. axb5 a4 34. c4 a3 35. Nc3 Bd6+ 36. Kf3 Kf5 37. g4+ Ke5 38. Ke3 Bc7 39. Na2 Bd8 40. Nc3 Bg5+ 41. Kd3 Kf4 42. Kc2 Kg3 43. Ne4+ Kxh3 44. Nxg5+ hxg5 1-0

[Event "Rowy op-A 17th"]
[Site "Rowy"]
[Date "2008.06.17"]
[Round "5.19"]
[White "Ryszkiewicz, Anna"]
[Black "Kozerski, Zbigniew"]
[Result "1/2-1/2"]
[WhiteElo "1735"]
[BlackElo "1987"]
[PlyCount "70"]
[EventDate "2008.06.14"]
[EventType "swiss"]
[EventRounds "9"]
[EventCountry "POL"]
[SourceTitle "EXT 2023"]
[Source "ChessBase"]
[SourceDate "2022.10.05"]
[SourceVersion "1"]
[SourceVersionDate "2022.10.05"]
[SourceQuality "1"]

1. e4 e5 2. Nf3 Nc6 3. Bc4 Nf6 4. d3 h6 5. 0-0 g6 6. c3 d6 7. Bb3 Bg7 8. Be3 0-0 9. h3 Kh7 10. Bc2 d5 11. Nbd2 b6 12. d4 dxe4 13. Nxe4 exd4 14. Nxd4 Nxd4 15. Bxd4 Ba6 16. Re1 c6 17. Be5 Nxe4 18. Qxd8 Raxd8 19. Bxg7 Kxg7 20. Rxe4 Rd2 21. Rc1 Kf6 22. Ra4 Bb5 23. Rxa7 Re8 24. a4 Bc4 25. b3 Ree2 26. bxc4 Rxc2 27. Rxc2 Rxc2 28. Ra6 Rxc3 29. Rxb6 Ke5 30. a5 Rxc4 31. Rb8 Ra4 32. Ra8 Ra1+ 33. Kh2 c5 34. a6 c4 35. a7 Kf4 1/2-1/2

[Event "POL-ch U16 Girls"]
[Site "Leba"]
[Date "2008.03.31"]
[Round "3"]
[White "Gluszko, Monika"]
[Black "Ryszkiewicz, Anna"]
[Result "1-0"]
[WhiteElo "1852"]
[BlackElo "1724"]
[PlyCount "153"]
[EventDate "2008.03.29"]
[EventType "swiss"]
[EventRounds "11"]
[EventCountry "POL"]
[SourceTitle "CBM 123 Extra"]
[Source "ChessBase"]
[SourceDate "2008.05.06"]
[SourceVersion "1"]
[SourceVersionDate "2008.05.06"]
[SourceQuality "1"]

1. e4 e5 2. Nf3 Nc6 3. Bc4 Nf6 4. d4 exd4 5. e5 Ng4 6. Bxf7+ Kxf7 7. Ng5+ Kg8 8. Qxg4 h6 9. Nf3 d6 10. e6 Qf6 11. 0-0 Bxe6 12. Qe4 Qf5 13. Qxf5 Bxf5 14. Na3 g5 15. Nb5 Rc8 16. Nbxd4 Nxd4 17. Nxd4 Bd7 18. c3 c5 19. Nb3 b6 20. f4 gxf4 21. Bxf4 d5 22. Rae1 Rh7 23. Re5 Bc6 24. Re6 Bd7 25. Rg6+ Kf7 26. Rg3 Ke8 27. Re3+ Be7 28. Rfe1 Kd8 29. Bxh6 Bh4 30. g3 Rxh6 31. gxh4 Rxh4 32. Nd2 Kc7 33. Rg3 Rf8 34. Rf3 Rxf3 35. Nxf3 Ra4 36. a3 Re4 37. Kf2 Kd6 38. h4 Rxe1 39. Nxe1 Ke5 40. Kf3 Bf5 41. h5 Kf6 42. Kf4 Be4 43. b4 Kg7 44. Nf3 Kh6 45. Ng5 Bc2 46. bxc5 bxc5 47. Ne6 c4 48. Ke5 Kxh5 49. Kxd5 Bb3 50. Ng7+ Kg4 51. Ne8 Kf4 52. Kd4 Kf5 53. Nd6+ Ke6 54. Nxc4 Kd7 55. Na5 Bd1 56. c4 Kc7 57. Kc5 Be2 58. Kb5 Bf1 59. Nb3 a6+ 60. Kc5 Bg2 61. a4 Bf3 62. Nd4 Bd1 63. a5 Bg4 64. Nc2 Bc8 65. Nb4 Kb7 66. Kd6 Bg4 67. c5 Be2 68. c6+ Kc8 69. Nd5 Bg4 70. Nb6+ Kb8 71. c7+ Kb7 72. Nd7 Kc8 73. Nc5 Be2 74. Kc6 Bf3+ 75. Kb6 Be2 76. Ne4 Bb5 77. Nd6+ 1-0

[Event "POL-ch U16 Girls"]
[Site "Leba"]
[Date "2008.03.30"]
[Round "2"]
[White "Sikorska, Dorota"]
[Black "Ryszkiewicz, Anna"]
[Result "1-0"]
[WhiteElo "1931"]
[BlackElo "1724"]
[PlyCount "79"]
[EventDate "2008.03.29"]
[EventType "swiss"]
[EventRounds "11"]
[EventCountry "POL"]
[SourceTitle "CBM 123 Extra"]
[Source "ChessBase"]
[SourceDate "2008.05.06"]
[SourceVersion "1"]
[SourceVersionDate "2008.05.06"]
[SourceQuality "1"]

1. e4 c5 2. Nc3 Nc6 3. g3 g6 4. Bg2 Bg7 5. d3 d6 6. Be3 e5 7. Nge2 Nge7 8. 0-0 Nd4 9. Nd5 0-0 10. c3 Nxe2+ 11. Qxe2 Nxd5 12. exd5 b6 13. f4 f5 14. Qd2 exf4 15. Bxf4 Re8 16. Rfe1 Be5 17. Bg5 Qd7 18. Re2 Bb7 19. Rae1 Qg7 20. Kh1 Kf7 21. d4 cxd4 22. cxd4 Bf6 23. Bxf6 Rxe2 24. Qxe2 Qxf6 25. Qe6+ Kg7 26. Qd7+ Kh6 27. Qxb7 Rh8 28. Qe7 Qxd4 29. Qxd6 Qd2 30. Qf4+ Qxf4 31. gxf4 Rc8 32. d6 Rd8 33. Rd1 Kh5 34. h3 h6 35. d7 g5 36. fxg5 hxg5 37. Bc6 g4 38. Re1 Rg8 39. Re8 Rg6 40. Rh8+ 1-0

[Event "Suwalki Elo op"]
[Site "Suwalki"]
[Date "2008.01.23"]
[Round "7"]
[White "Pietruszewski, Marcin"]
[Black "Ryszkiewicz, Anna"]
[Result "1-0"]
[WhiteElo "1886"]
[BlackElo "1735"]
[PlyCount "123"]
[EventDate "2008.01.21"]
[EventType "swiss"]
[EventRounds "9"]
[EventCountry "POL"]
[SourceTitle "EXT 2010"]
[Source "ChessBase"]
[SourceDate "2010.11.25"]
[SourceVersion "1"]
[SourceVersionDate "2010.11.25"]
[SourceQuality "1"]

1. e4 e5 2. Nf3 Nc6 3. Bb5 a6 4. Ba4 Nf6 5. 0-0 d6 6. Re1 Bd7 7. c3 g6 8. d4 b5 9. Bc2 Qe7 10. a4 Rd8 11. axb5 axb5 12. Nbd2 Bg7 13. b3 0-0 14. Ba3 Nh5 15. d5 Nb8 16. c4 bxc4 17. bxc4 f5 18. c5 fxe4 19. Nxe4 Bf5 20. cxd6 cxd6 21. Rb1 Bxe4 22. Bxe4 Qa7 23. Ra1 Qb6 24. Rb1 Qa7 25. Ra1 Qb6 26. Re3 Nf6 27. Rb1 Qa7 28. Bb4 Bh6 29. Ra3 Qd7 30. Bc2 Rf7 31. Bd2 Bxd2 32. Qxd2 Rc8 33. Ng5 Re7 34. Ne4 Nxe4 35. Bxe4 Qc7 36. Bf3 Nd7 37. Bg4 Rf8 38. Ra6 Nc5 39. Rc6 Qa7 40. Qe3 Qa2 41. Rd1 Qa4 42. h3 Rf4 43. Be2 Rd7 44. g3 Rf8 45. Rd2 Ne4 46. Rc4 Qxc4 47. Bxc4 Nxd2 48. Qxd2 Rdf7 49. Bf1 Rxf2 50. Qxf2 Rxf2 51. Kxf2 Kf7 52. Kf3 Kf6 53. Ke4 Ke7 54. h4 Kf6 55. Bg2 Ke7 56. g4 Kd7 57. g5 Kc7 58. Kd3 Kb6 59. Kc4 Ka5 60. Be4 Ka4 61. h5 gxh5 62. Bxh7 1-0

[Event "Suwalki Elo op"]
[Site "Suwalki"]
[Date "2008.01.23"]
[Round "4"]
[White "Raszkiewicz, Agnieszka"]
[Black "Ryszkiewicz, Anna"]
[Result "1/2-1/2"]
[WhiteElo "1833"]
[BlackElo "1735"]
[PlyCount "31"]
[EventDate "2008.01.21"]
[EventType "swiss"]
[EventRounds "9"]
[EventCountry "POL"]
[SourceTitle "EXT 2010"]
[Source "ChessBase"]
[SourceDate "2010.11.25"]
[SourceVersion "1"]
[SourceVersionDate "2010.11.25"]
[SourceQuality "1"]

1. e4 e5 2. Nf3 Nc6 3. d4 exd4 4. Bc4 g6 5. Nxd4 Bg7 6. c3 Nf6 7. 0-0 0-0 8. Bg5 h6 9. Bxf6 Qxf6 10. Nf3 Ne5 11. Nxe5 Qxe5 12. Nd2 b5 13. Bb3 a5 14. Kh1 a4 15. Bc2 Bb7 16. Nf3 1/2-1/2

[Event "Suwalki Elo op"]
[Site "Suwalki"]
[Date "2008.01.23"]
[Round "6"]
[White "Ryszkiewicz, Anna"]
[Black "Ryszkiewicz, Adam"]
[Result "1/2-1/2"]
[WhiteElo "1735"]
[BlackElo "1873"]
[PlyCount "96"]
[EventDate "2008.01.21"]
[EventType "swiss"]
[EventRounds "9"]
[EventCountry "POL"]
[SourceTitle "EXT 2010"]
[Source "ChessBase"]
[SourceDate "2010.11.25"]
[SourceVersion "1"]
[SourceVersionDate "2010.11.25"]
[SourceQuality "1"]

1. e4 e5 2. Nf3 Nc6 3. Bc4 Bc5 4. 0-0 Nf6 5. d4 Bxd4 6. Nxd4 Nxd4 7. f4 d6 8. fxe5 dxe5 9. Bg5 Be6 10. Bxf6 gxf6 11. Bxe6 Nxe6 12. Qxd8+ Rxd8 13. Nc3 c6 14. Rxf6 Ke7 15. Rf5 f6 16. Raf1 Rhf8 17. R5f2 Rd4 18. g3 b5 19. a3 a5 20. Re2 Nc5 21. Rfe1 Rfd8 22. Kg2 R4d7 23. Nb1 Rd1 24. Rxd1 Rxd1 25. Nd2 Na4 26. Nb3 Nxb2 27. Nxa5 Rd6 28. c3 Nd1 29. c4 bxc4 30. Nxc4 Rd4 31. Nb6 Kd6 32. a4 Nc3 33. Rf2 Nxe4 34. Rf1 Kc7 35. a5 Kb7 36. Rc1 Nd2 37. Rc3 Ne4 38. Rc4 Rxc4 39. Nxc4 Ka6 40. Kf3 Nc3 41. Kg4 Nd5 42. Kh5 Kb5 43. Nd2 f5 44. Kh6 e4 45. Kxh7 e3 46. Nf3 c5 47. Kg6 f4 48. Kf5 fxg3 1/2-1/2

[Event "Suwalki Elo op"]
[Site "Suwalki"]
[Date "2008.01.23"]
[Round "8"]
[White "Tomicki, Marek"]
[Black "Ryszkiewicz, Anna"]
[Result "1/2-1/2"]
[WhiteElo "1800"]
[BlackElo "1735"]
[PlyCount "98"]
[EventDate "2008.01.21"]
[EventType "swiss"]
[EventRounds "9"]
[EventCountry "POL"]
[SourceTitle "EXT 2010"]
[Source "ChessBase"]
[SourceDate "2010.11.25"]
[SourceVersion "1"]
[SourceVersionDate "2010.11.25"]
[SourceQuality "1"]

1. e4 e5 2. c3 d6 3. d4 Qe7 4. Qc2 g6 5. Be3 Bg7 6. Nd2 Nf6 7. Ngf3 0-0 8. Bd3 Ng4 9. Bg5 f6 10. Bh4 Kh8 11. h3 Nh6 12. 0-0-0 c5 13. dxe5 dxe5 14. Nc4 Nc6 15. Ne3 Be6 16. Nd5 Bxd5 17. exd5 Nb8 18. Rhe1 Qd6 19. g4 Nf7 20. Bg3 a6 21. h4 Qxd5 22. Be4 Qxa2 23. h5 Bh6+ 24. g5 Nxg5 25. Nxg5 Bxg5+ 26. f4 exf4 27. Bf2 f3+ 28. Be3 Bxe3+ 29. Rxe3 f5 30. Bd5 Qa1+ 31. Kd2 Qa5 32. hxg6 Qd8 33. c4 Nc6 34. Rh1 Kg7 35. Re6 Qg5+ 36. Kd1 h6 37. Qh2 f4 38. Bxc6 bxc6 39. Re7+ Kf6 40. Rhe1 Rad8+ 41. Kc1 Rd6 42. Qc2 f2 43. Qc3+ Rd4 44. R1e6+ Kf5 45. Qh3+ Qg4 46. Re5+ Kf6 47. R5e6+ Kf5 48. Re5+ Kf6 49. R5e6+ Kf5 1/2-1/2

[Event "POL-ch PL+LU U15 Girls"]
[Site "Augustow"]
[Date "2007.10.09"]
[Round "9.5"]
[White "Dabrowska, Paula"]
[Black "Ryszkiewicz, Anna"]
[Result "1/2-1/2"]
[WhiteElo "1576"]
[BlackElo "1713"]
[PlyCount "25"]
[EventDate "2007.10.08"]
[EventType "tourn"]
[EventRounds "9"]
[EventCountry "POL"]
[SourceTitle "EXT 2023"]
[Source "ChessBase"]
[SourceDate "2022.10.05"]
[SourceVersion "1"]
[SourceVersionDate "2022.10.05"]
[SourceQuality "1"]

1. c4 e6 2. Nc3 c6 3. g3 d5 4. cxd5 exd5 5. Bg2 Nf6 6. d4 Bf5 7. Nf3 Bd6 8. 0-0 0-0 9. e3 Nbd7 10. Bd2 Re8 11. Qe2 Ne4 12. Rac1 Ndf6 13. Nxe4 1/2-1/2

[Event "POL Academic Cup 2nd"]
[Site "Wroclaw"]
[Date "2007.05.03"]
[Round "8"]
[White "Kmiecik, Emilia"]
[Black "Ryszkiewicz, Anna"]
[Result "1/2-1/2"]
[WhiteElo "1879"]
[BlackElo "1723"]
[PlyCount "55"]
[EventDate "2007.04.28"]
[EventType "swiss"]
[EventRounds "9"]
[EventCountry "POL"]
[SourceTitle "EXT 2011"]
[Source "ChessBase"]
[SourceDate "2010.11.26"]
[SourceVersion "1"]
[SourceVersionDate "2010.11.26"]
[SourceQuality "1"]

1. d4 d5 2. c4 e6 3. e3 c6 4. Nc3 Nf6 5. Nf3 Be7 6. Be2 0-0 7. 0-0 Nbd7 8. b3 Qc7 9. Bb2 a6 10. Rc1 Qb8 11. h3 b5 12. cxd5 cxd5 13. Bd3 Bb7 14. Qe2 Ne4 15. Nd2 f5 16. Bxe4 fxe4 17. f3 exf3 18. Rxf3 Qd6 19. Rcf1 Rf6 20. Rxf6 Nxf6 21. Nf3 Qg3 22. Ne5 Bd6 23. Nd1 Bxe5 24. dxe5 Ne4 25. Qf3 Qxf3 26. gxf3 Ng5 27. h4 Nf7 28. Bd4 1/2-1/2

[Event "POL-ch U16 Girls"]
[Site "Leba"]
[Date "2007.03.31"]
[Round "10"]
[White "Ryszkiewicz, Anna"]
[Black "Staniszewska, Urszula"]
[Result "1-0"]
[WhiteElo "1723"]
[BlackElo "1890"]
[PlyCount "97"]
[EventDate "2007.03.24"]
[EventType "swiss"]
[EventRounds "11"]
[EventCountry "POL"]
[SourceTitle "EXT 2011"]
[Source "ChessBase"]
[SourceDate "2010.11.26"]
[SourceVersion "1"]
[SourceVersionDate "2010.11.26"]
[SourceQuality "1"]

1. e4 c6 2. d4 d5 3. exd5 cxd5 4. Bd3 Nc6 5. c3 Qc7 6. Qb3 Nf6 7. Bg5 e6 8. Nf3 Bd6 9. 0-0 Ne4 10. Bh4 0-0 11. Bg3 Nxg3 12. hxg3 Ne7 13. Qc2 Ng6 14. Re1 Rb8 15. Nbd2 b5 16. a3 a5 17. b4 a4 18. Rac1 Bd7 19. Nf1 Rfc8 20. Ne3 Be8 21. Ng4 Rb6 22. Nge5 Be7 23. Qe2 Rb7 24. Bb1 Qb6 25. Nd3 Rbc7 26. Nc5 Nf8 27. Ne5 Bd6 28. Ned3 Ng6 29. f4 Ra7 30. Kf2 Qd8 31. Ne5 Nxe5 32. fxe5 Bf8 33. Bd3 Rb8 34. Rh1 g6 35. Qg4 Bg7 36. Rh2 h5 37. Qh4 Qxh4 38. Rxh4 Bh6 39. Rd1 Bg5 40. Rh2 Kf8 41. Kf3 Bd8 42. g4 hxg4+ 43. Kxg4 Bb6 44. Rh8+ Ke7 45. Rdh1 Bxc5 46. bxc5 Rc7 47. R1h7 Kd8 48. Rxe8+ Kxe8 49. Rh8+ 1-0

[Event "POL-ch U16 Girls"]
[Site "Leba"]
[Date "2007.03.27"]
[Round "5"]
[White "Nawrot, Elzbieta"]
[Black "Ryszkiewicz, Anna"]
[Result "1-0"]
[WhiteElo "1815"]
[BlackElo "1723"]
[PlyCount "65"]
[EventDate "2007.03.24"]
[EventType "swiss"]
[EventRounds "11"]
[EventCountry "POL"]
[SourceTitle "EXT 2011"]
[Source "ChessBase"]
[SourceDate "2010.11.26"]
[SourceVersion "1"]
[SourceVersionDate "2010.11.26"]
[SourceQuality "1"]

1. d4 d5 2. c4 e6 3. Nc3 c6 4. cxd5 exd5 5. Qc2 Bd6 6. a3 Ne7 7. e3 Bf5 8. Bd3 Bg6 9. Nf3 0-0 10. 0-0 f6 11. b4 a6 12. Rb1 Qc7 13. Bd2 Nd7 14. Rfc1 Rfc8 15. Bxg6 hxg6 16. Qb3 Kf7 17. e4 Nb6 18. e5 fxe5 19. dxe5 Bxe5 20. Nxe5+ Qxe5 21. Re1 Qf6 22. Ne4 Qh4 23. Nd6+ Kf8 24. Nxc8 Rxc8 25. Qe3 Nc4 26. Qd3 Kf7 27. a4 Rh8 28. h3 g5 29. Qf3+ Ke8 30. Bc3 Rf8 31. Rxe7+ Kxe7 32. Re1+ Kd7 33. Qxf8 1-0

[Event "POL-ch U16 Girls"]
[Site "Leba"]
[Date "2007.03.24"]
[Round "1"]
[White "Skrzypczak, Anna"]
[Black "Ryszkiewicz, Anna"]
[Result "1-0"]
[WhiteElo "1972"]
[BlackElo "1723"]
[PlyCount "105"]
[EventDate "2007.03.24"]
[EventType "swiss"]
[EventRounds "11"]
[EventCountry "POL"]
[SourceTitle "EXT 2011"]
[Source "ChessBase"]
[SourceDate "2010.11.26"]
[SourceVersion "1"]
[SourceVersionDate "2010.11.26"]
[SourceQuality "1"]

1. e4 e5 2. Nf3 Nc6 3. Bb5 a6 4. Ba4 Bc5 5. Nc3 d6 6. Nd5 Nf6 7. d3 b5 8. Bb3 Nxd5 9. Bxd5 Bb7 10. Ng5 Qf6 11. 0-0 0-0 12. Kh1 h6 13. Nh3 Na5 14. Bxb7 Nxb7 15. f4 Qg6 16. f5 Qf6 17. Qh5 Rfe8 18. Bd2 d5 19. Rae1 d4 20. g4 g5 21. fxg6 Qxg6 22. Qxh6 Qxh6 23. Bxh6 Re6 24. Bd2 Rg6 25. g5 Kg7 26. Rf5 Re8 27. Ref1 Nd6 28. Rf6 Re6 29. Rxg6+ Kxg6 30. Nf2 Ne8 31. Kg2 f6 32. gxf6 Nxf6 33. h3 Kh5 34. Kg3 Re8 35. Ng4 Nxg4 36. Rf5+ Kg6 37. Kxg4 Bd6 38. h4 Rf8 39. h5+ Kh7 40. Rxf8 Bxf8 41. Kf5 Bd6 42. Bg5 c5 43. Ke6 Bc7 44. Kd5 c4 45. dxc4 bxc4 46. Kxc4 a5 47. c3 dxc3 48. bxc3 Bd6 49. Kd5 Bf8 50. Kxe5 Bg7+ 51. Bf6 Bxf6+ 52. Kxf6 Kh6 53. e5 1-0

[Event "Suwalki Vacation op"]
[Site "Suwalki"]
[Date "2007.02.01"]
[Round "9.3"]
[White "Ryszkiewicz, Anna"]
[Black "Poswiatowski, Stanislaw"]
[Result "1/2-1/2"]
[WhiteElo "1723"]
[BlackElo "1800"]
[PlyCount "50"]
[EventDate "2007.01.29"]
[EventType "tourn"]
[EventRounds "9"]
[EventCountry "POL"]
[SourceTitle "EXT 2023"]
[Source "ChessBase"]
[SourceDate "2022.10.05"]
[SourceVersion "1"]
[SourceVersionDate "2022.10.05"]
[SourceQuality "1"]

1. e4 e6 2. d4 d5 3. e5 c5 4. Nf3 Nc6 5. c3 Qb6 6. Be2 cxd4 7. cxd4 Bb4+ 8. Nc3 Nge7 9. h3 Bxc3+ 10. bxc3 0-0 11. 0-0 f6 12. c4 fxe5 13. cxd5 Nxd5 14. dxe5 Nc3 15. Qc2 Nxe2+ 16. Qxe2 Nd4 17. Nxd4 Qxd4 18. Bb2 Qf4 19. Rad1 b6 20. Rd4 Qf7 21. Bc3 a5 22. Rd6 Ba6 23. Qd2 Bxf1 24. Kxf1 Rac8 25. f3 Qc7 1/2-1/2